00269pam a2200109 a 4500020000500000041000500005100003300010245006400043250001000107260002600117300001600143 c h aH. Harrison /Alfred Daniels. aThe Complete ArtistbThe Complete ArtisthTextual Documents a2003. a[s.l]:bQuantum Books a352:bHard.